Ciencias naturales : tercer grado

Gespeichert in:
Bibliographische Detailangaben
Körperschaften: México. Secretaría de Educación Pública. Subsecretaría de Educación Básica y Normal. Dirección General de Materiales y Métodos Educativos., Comisión Nacional de Libros de Texto Gratuitos. (México)
Weitere Verfasser: Chanizo Guerrero, José Antonio. Barahona Echeverría, Ana. (Projektleitung)
Format: Buch
Sprache:Spanisch
Erschienen: México : Subsecretaría de Educación Pública de la Secretaría de Educación Pública, 1996[reimpresión 1997]
Katalog:MANES:  Suchergebnis im Bibliothekskatalog
Schulbuchspezifische Eigenschaften:
Schriftenreihe:Libro de texto gratuito
Tags: Tag hinzufügen
Keine Tags, Fügen Sie den ersten Tag hinzu!
Hinzugefügt zu:17.10.2005
Geändert in:08.05.2025

MARC

LEADER 00000cam a2200000 a 4500
003 OSt
005 20250508092036.0
008 051018n1996 mx 000 0 spa d
040 |a CINV  |c CINV 
020 |a 9682990238 
050 0 4 |a LTG LB1585  |b M49 3º 1996 
051 0 4 |a LTG LB1585-M49 3º 1996 
110 2 |a México.  |b Secretaría de Educación Pública.  |b Subsecretaría de Educación Básica y Normal.  |b Dirección General de Materiales y Métodos Educativos.  |9 24461 
245 0 0 |a Ciencias naturales :  |b tercer grado /  |c coordinación þósé Antonio Chamizo Guerrero ;Ana Barahona Echeverría...[et. al]. 
260 |a México : Subsecretaría de Educación Pública de la Secretaría de Educación Pública,  |c 1996[reimpresión 1997] 
300 |a 174 p.:  |b il.;  |c 27 cm. 
440 |a Libro de texto gratuito  |9 21882 
546 |a México 
561 |5 mx-CINVES  |a México. DIE-Cinvestav (Ciudad de México)  |k MANES 
691 0 |a PRI 
700 1 |a Chanizo Guerrero, José Antonio.  |e coord.  |9 45938  |a Barahona Echeverría, Ana.  |9 35623 
710 1 |a Comisión Nacional de Libros de Texto Gratuitos. (México)  |9 24074 
910 |a E-31302  |b Don.- 1997.  |a E-31301(ej.2) 
911 |a E-31302 
942 |2 ddc  |c BK 
999 |c 54877  |d 54877 
999 |c manes:54877  |d 54877